ਨਾਰੀਵਾਦੀ ਚਿੰਤਨ ਅਤੇ ਪੰਜਾਬੀ ਕਹਾਣੀ / (Record no. 54960)

MARC details
000 -LEADER
fixed length control field 00953nam a22002417a 4500
005 - DATE AND TIME OF LATEST TRANSACTION
control field 20081027121214.0
008 - FIXED-LENGTH DATA ELEMENTS--GENERAL INFORMATION
fixed length control field 081027t xxu||||| |||| 00| 0 pnb d
010 ## - LCCN (DPL NO)
LC control number PNB-6152
020 ## - INTERNATIONAL STANDARD BOOK NUMBER
International Standard Book Number 818138041x
Terms of availability 300.00
035 ## - SYSTEM CONTROL NUMBER
System control number PN-5267
037 ## - SOURCE OF ACQUISITION
Source of stock number/acquisition DBAD / PUB
040 ## - CATALOGING SOURCE
Original cataloging agency dpl
Language of cataloging PNB
082 ## - DEWEY DECIMAL CLASSIFICATION NUMBER
Classification number 853.08
100 ## - MAIN ENTRY--PERSONAL NAME
Personal name ਰਜਨੀ ਰਾਣੀ
9 (RLIN) 31599
245 ## - TITLE STATEMENT
Title ਨਾਰੀਵਾਦੀ ਚਿੰਤਨ ਅਤੇ ਪੰਜਾਬੀ ਕਹਾਣੀ /
Remainder of title ਰਜਨੀ ਰਾਣੀ
246 ## - VARYING FORM OF TITLE
Title proper/short title Naarivadi Chintan Ate Punjabi Kahani
Remainder of title by Rajani Rani
260 ## - PUBLICATION, DISTRIBUTION, ETC. (IMPRINT)
Place of publication, distribution, etc ਦਿੱਲੀ
Name of publisher, distributor, etc ਏਮ.ਪੀ. ਪ੍ਰਕਾਸ਼ਨ
Date of publication, distribution, etc 2006
270 ## - ADDRESS
Address ਸ਼ਾਪ ਨੰ-7, 12/190,ਗੀਤਾ ਕਾਲੋਨੀ
City ਦਿੱਲੀ
Telephone number 9312271252
Postal code 110031
300 ## - PHYSICAL DESCRIPTION
Extent 239 ਸਫੇ;
Other physical details 22 ਸੇਮੀ ,(ਸਜਿਲਦ)
650 ## - SUBJECT ADDED ENTRY--TOPICAL TERM
Topical term or geographic name as entry element ਪੰਜਾਬੀ
9 (RLIN) 31600
650 ## - SUBJECT ADDED ENTRY--TOPICAL TERM
Topical term or geographic name as entry element Punjabi
9 (RLIN) 31601
942 ## - ADDED ENTRY ELEMENTS (KOHA)
Source of classification or shelving scheme Dewey Decimal Classification
Item type Punjabi Bks
Call number suffix ਰਜਨੀ
Classification part 850.08

No items available.


© Delhi Public Library
Hit Counter
free hit counter